Movies Quiz

Random Movies or Country Quiz

Country by Movie II Quiz Stats

 Plays Quiz Updated Apr 18, 2012

Also try: Country by Movie
Challenge
Share
Tweet
Embed
Score 0/30 Timer 06:00
1 Play Today
Movie Country % Correct
Slumdog MillionaireIndia
88.4%
AnastasiaRussia
78.7%
CasablancaMorocco
72.5%
ValkyrieGermany
71.6%
AmadeusAustria
70.6%
HamletDenmark
66.1%
M*A*S*HSouth Korea
62.9%
The King and IThailand
59.8%
Pan's LabyrinthSpain
54.5%
The Kite RunnerAfghanistan
51.5%
Van HelsingRomania
43.8%
Scott Pilgrim vs. the WorldCanada
41.3%
Michael CollinsIreland
38.8%
The Emperor's New GroovePeru
37.2%
AliveArgentina/Chile
35%
Movie Country % Correct
Sex and the City 2United Arab Emirates
31.2%
Girl with a Pearl EarringNetherlands
30.4%
The Bicycle ThiefItaly
25.4%
Midnight ExpressTurkey
23.1%
Let the Right One InSweden
22.6%
The KingdomSaudi Arabia
20.4%
YentlPoland
17.4%
Heavenly CreaturesNew Zealand
14.9%
TuristasBrazil
12.1%
PredatorGuatemala
8.5%
Vertical LimitPakistan
7.2%
ThunderballBahamas
5.9%
Tears of the SunNigeria
5.1%
Return to ParadiseMalaysia
2.3%
A Far Off PlaceNamibia
1.2%

You're not logged in!

Compare scores with friends on all Sporcle quizzes.
Join for Free
OR
Log In

You Might Also Like...

Show Comments

Extras

Top Quizzes Today


Score Distribution

Your Account Isn't Verified!

In order to create a playlist on Sporcle, you need to verify the email address you used during registration. Go to your Sporcle Settings to finish the process.

Report this User

Report this user for behavior that violates our Community Guidelines.

Details: